| 000 | 00592nam a22001817a 4500 | ||
|---|---|---|---|
| 005 | 20150825082716.0 | ||
| 008 | 110221t mx||||| |||| 00| 0 sp d | ||
| 020 | _a6070014178 | ||
| 050 | 0 | 4 |
_aKGF2548 _bC37 2011 |
| 100 | 1 | _aCastillo González, Leonel | |
| 245 | 1 | 0 |
_aDerecho procesal constitucional Mexicano : _cConceptos y principios / _bLeonel Castillo González. |
| 250 | _a1a ed. | ||
| 260 |
_aMéxico : _bPalacio del derecho, _c2011 |
||
| 300 |
_a334 p. ; _c23 cm. |
||
| 651 | 7 |
_2Lemb _aMéxico _xDerecho procesal |
|
| 651 | 7 |
_2Lemb _aMéxico _xTribunales constitucionales |
|
| 942 |
_2lcc _cLIB |
||
| 999 |
_c6405 _d6405 |
||